Ringyō gijutsu sōsho. (Record no. 35116)
[ view plain ]
| 000 -LEADER | |
|---|---|
| fixed length control field | 01333cam a2200289 a 4500 |
| 001 - CONTROL NUMBER | |
| control field | j 66003018 |
| 003 - CONTROL NUMBER IDENTIFIER | |
| control field | DLC |
| 005 - DATE AND TIME OF LATEST TRANSACTION | |
| control field | 20260227111521.0 |
| 008 - FIXED-LENGTH DATA ELEMENTS--GENERAL INFORMATION | |
| fixed length control field | 950922m19009999ja a b 000 0 jpn |
| 010 ## - LIBRARY OF CONGRESS CONTROL NUMBER | |
| LC control number | j 66003018 |
| 035 ## - SYSTEM CONTROL NUMBER | |
| System control number | (CStRLIN)DCLP95-B19445 |
| 040 ## - CATALOGING SOURCE | |
| Original cataloging agency | DLC-R |
| Transcribing agency | DLC-R |
| Modifying agency | DLC |
| 043 ## - GEOGRAPHIC AREA CODE | |
| Geographic area code | a-ja--- |
| 050 00 - LIBRARY OF CONGRESS CALL NUMBER | |
| Classification number | SD433 |
| Item number | .N5 |
| 066 ## - CHARACTER SETS PRESENT | |
| Alternate G0 or G1 character set | $1 |
| 245 00 - TITLE STATEMENT | |
| Linkage | 880-01 |
| Title | Ringyō gijutsu sōsho. |
| 260 ## - PUBLICATION, DISTRIBUTION, ETC. | |
| Linkage | 880-02 |
| Place of publication, distribution, etc. | Tōkyō : |
| Name of publisher, distributor, etc. | Nihon Ringyō Gijutsu Kyōkai, |
| Date of publication, distribution, etc. | <Shōwa 24-33 [1949-1958 > |
| 300 ## - PHYSICAL DESCRIPTION | |
| Extent | v. <4-5, 16, 19-20 > : |
| Other physical details | ill. ; |
| Dimensions | 19-26 cm. |
| 504 ## - BIBLIOGRAPHY, ETC. NOTE | |
| Bibliography, etc. note | Includes bibliographical references. |
| 505 1# - FORMATTED CONTENTS NOTE | |
| Formatted contents note | -- dai 4-shū. Shinrin kumiai no arikata / Ōsaki Rokurō cho -- dai 5-shū. Shokubutsu no seiri to tsugiki no jissai / Shirai Yasaka cho -- dai 16-shū. Yūmei mokutan to sono seihō / Uchida Akira hen -- dai 19-shū. Rinboku no tame to sono toriatsukai / Ozawa Junjirō cho -- dai 20-shū. Nihon matsubayashi no seitaigakuteki kenkyū / Yoshioka Kuniji cho |
| 650 #0 - SUBJECT ADDED ENTRY--TOPICAL TERM | |
| Topical term or geographic name entry element | Forests and forestry |
| General subdivision | Research. |
| 650 #0 - SUBJECT ADDED ENTRY--TOPICAL TERM | |
| Topical term or geographic name entry element | Forests and forestry |
| Geographic subdivision | Japan. |
| 710 2# - ADDED ENTRY--CORPORATE NAME | |
| Linkage | 880-03 |
| Corporate name or jurisdiction name as entry element | Nihon Ringyō Gijutsu Kyōkai. |
| 880 00 - ALTERNATE GRAPHIC REPRESENTATION | |
| Linkage | 245-01/$1 |
| a | 林業技術叢書. |
| 880 ## - ALTERNATE GRAPHIC REPRESENTATION | |
| Linkage | 260-02/$1 |
| a | 東京 : |
| b | 日本林業技術協會, |
| c | <昭和 24-33 [1949-1958 > |
| 880 2# - ALTERNATE GRAPHIC REPRESENTATION | |
| Linkage | 710-03/$1 |
| a | 日本林業技術協會. |
No items available.